| 000 | 00794nam a22001937a 4500 | ||
|---|---|---|---|
| 999 |
_c195711 _d195711 |
||
| 005 | 20230418162609.0 | ||
| 010 | _aUR-11942 | ||
| 020 |
_a9781327556630 _c350.00 |
||
| 035 | _aU-10497 | ||
| 037 | _bDBAD/PUB | ||
| 082 | _a921 | ||
| 100 | _aاسلم مرزا | ||
| 245 |
_aمراٹھی کے تین نامور شعراء : _bکوسم گرج ، وندا کرند یگر ، مکآیش پاڈ گاو نکر / _cاسلم مرزا |
||
| 246 |
_aThree prominent marathi poets (kusumagaraj, vinda karandikar, mangesh padgaonkar) / _bby Aslam Mirza |
||
| 260 |
_aAurangabad _bMirza Abdul Qaum Nadvi _c2022 ء |
||
| 270 |
_aMirza world book house, Dargah Hz., Nizamuddin Auliya, Qaiser Colny _bAurangabad _e431001 |
||
| 300 |
_a197 ص _c21cm(pbk) |
||
| 942 |
_2ddc _cUR _h921 _mا س ل |
||